Special edition using Oracle8/8i / (Record no. 62107)

000 -LEADER
fixed length control field 01237cam a2200313 a 4500
001 - CONTROL NUMBER
control field 202485
003 - CONTROL NUMBER IDENTIFIER
control field NUST-PNEC
005 - DATE AND TIME OF LATEST TRANSACTION
control field 20170116180739.0
008 - FIXED-LENGTH DATA ELEMENTS--GENERAL INFORMATION
fixed length control field 990322s1999 inu 001 0 eng
010 ## - LIBRARY OF CONGRESS CONTROL NUMBER
LC control number 99062147
020 ## - INTERNATIONAL STANDARD BOOK NUMBER
International Standard Book Number 0789719754
020 ## - INTERNATIONAL STANDARD BOOK NUMBER
International Standard Book Number 8120315979
040 ## - CATALOGING SOURCE
Original cataloging agency DLC
Transcribing agency PNEC
Modifying agency DLC
050 00 - LIBRARY OF CONGRESS CALL NUMBER
Classification number QA76.9.D3
Item number S684 1999
082 00 - DEWEY DECIMAL CLASSIFICATION NUMBER
Classification number 005.75 PAG
Edition number 21
100 ## - MAIN ENTRY--PERSONAL NAME
9 (RLIN) 1089
Personal name Page, William G.
245 00 - TITLE STATEMENT
Title Special edition using Oracle8/8i /
Statement of responsibility, etc. William Page ... [et al.]
246 30 - VARYING FORM OF TITLE
Title proper/short title Using Oracle8/8i
246 30 - VARYING FORM OF TITLE
Title proper/short title Oracle8/8i
260 ## - PUBLICATION, DISTRIBUTION, ETC.
Place of publication, distribution, etc. Indianapolis, Ind / New Delhi :
Name of publisher, distributor, etc. Que/Prentice Hall of India,
Date of publication, distribution, etc. c1999.
300 ## - PHYSICAL DESCRIPTION
Extent xviii, 1082 p. ;
Dimensions 24 cm.
630 00 - SUBJECT ADDED ENTRY--UNIFORM TITLE
Uniform title Oracle (Computer file)
650 #0 - SUBJECT ADDED ENTRY--TOPICAL TERM
Topical term or geographic name entry element Relational databases.
General subdivision Computer, MIS
700 1# - ADDED ENTRY--PERSONAL NAME
Personal name Page, William G.
856 ## - ELECTRONIC LOCATION AND ACCESS
Uniform Resource Identifier <a href="http://www.amazon.com/Special-Using-Oracle8-William-Page/dp/0789719754/ref=sr_1_1?s=books&ie=UTF8&qid=1418231736&sr=1-1&keywords=USING+ORACLE8%2F8I+BY+WILLIAM+G">http://www.amazon.com/Special-Using-Oracle8-William-Page/dp/0789719754/ref=sr_1_1?s=books&ie=UTF8&qid=1418231736&sr=1-1&keywords=USING+ORACLE8%2F8I+BY+WILLIAM+G</a>
906 ## - LOCAL DATA ELEMENT F, LDF (RLIN)
a 7
b cbc
c orignew
d 2
e opcn
f 19
g y-gencatlg
942 ## - ADDED ENTRY ELEMENTS (KOHA)
Source of classification or shelving scheme
Koha item type Book
Holdings
Withdrawn status Lost status Source of classification or shelving scheme Damaged status Not for loan Permanent Location Current Location Shelving location Date acquired Source of acquisition Cost, normal purchase price Total Checkouts Full call number Barcode Date last seen Cost, replacement price Price effective from Koha item type
          Pakistan Navy Engineering College (PNEC) Pakistan Navy Engineering College (PNEC)   03/08/2002 NUST Recurring A/c 855.00   005.75 PAG PNECLIB-025672 12/10/2014 855.00 03/08/2002 Book
© 2023 Central Library, National University of Sciences and Technology. All Rights Reserved.